000 00477cam a22002051 4500
001 sa 65001142
003 DLC
005 20260227112107.0
008 900111s1962 ii 000 0 kano
010 _asa 65001142
035 _a(OCoLC)20877272
040 _aDLC
_cWaU
_dDLC
042 _apremarc
050 0 0 _aPL4659.S916
_bJ5
100 1 _aSunkapur, M. S.
245 1 0 _aJivanadalli nage.
260 _c1962.
300 _aviii, 54 p.
_c17 cm.
500 _aIn Kannada.
999 _c61915
_d61915